| 000 | 00694nam a2200205 i 4500 | ||
|---|---|---|---|
| 001 | 150325 | ||
| 003 | ES-MaACL | ||
| 005 | 20250717013101.0 | ||
| 007 | t| | ||
| 008 | 071029s1970 sp ||||1| spa d | ||
| 100 | 1 |
_aVallès, Jules. _9112879 |
|
| 245 | 1 | 3 |
_aEl niño / _cJules Vallès ; prólogo de Jorge Semprún ; nota crítica de Emile Zola ; [traductora Victoria Bastos de Lafora]. |
| 260 |
_aMadrid : _bAlianza, _c[1970] |
||
| 300 |
_a347 p. ; _c18 cm. |
||
| 700 | 1 |
_aSemprún, Jorge, _d1923-2011 _9105418 |
|
| 700 | 1 |
_aZola, Émile, _d1840-1902 _9118331 |
|
| 700 | 1 |
_aBastos de Lafora, Victoria. _926382 |
|
| 852 |
_aES-MaACL _jC-40453 _bR.75201 |
||
| 999 |
_c150325 _d150325 |
||